Statistiken für League of Legends - falsche Fähigkeit

Klicken Sie hier um das Quiz zu spielen!

Allgemein

  • Dieses Quiz wurde 142 mal gespielt
  • Das Durchschnittsergebnis liegt bei 6 aus 15

Antwortstatistiken

FrageAntwort% Korrekt
DariusVersengen
67%
KassadinLeerenangriff
59%
JhinGelungener Auftritt
47%
BrandFlammenschuss
45%
LissandraKältesturz
45%
ZyraWildwuchs
45%
PoppyHeldenhafter Auftritt
42%
VolibearZorn des Winters
42%
SamiraKugelhagel
33%
KayleStimme des Lichts
33%
ShacoDavonstehlen
30%
VeigarEntfesselte Macht
24%
NocturneWachsende Verzweiflung
23%
SennaKlagenebel
15%
Cho'GathVerschlingen
11%

Verteilung der Resultate

Perzentil nach korrekt beantworteten Fragen

Anzahl Personen mit jedem Resultat

Ihre Resultats-Entwicklung

Sie haben dieses Quiz noch nicht gespielt